000 00644nam a2200181Ia 4500
008 151202s9999||||xx |||||||||||||| ||und||
082 _bPNVM-31555
100 _aकाकोडकर चंद्रकांत.
245 _aशूरा मी वंदिले.
260 _b"मीना बुक एजन्सी,मुंबई."
260 _c0
300 _a160
600 _aकाकोडकर चंद्रकांत.
630 _aशूरा मी वंदिले.
700 _aकाकोडकर चंद्रकांत.
730 _aशूरा मी वंदिले.
942 _cBOOK
999 _c1297516
_d1297513